| Tag |
First Indicator |
Second Indicator |
Subfields |
| LEADER |
00000cam a2200000Ia 4500 |
| 001 |
in00002480968 |
| 005 |
20211202190717.0 |
| 006 |
m d f |
| 007 |
cr mn||||||||| |
| 008 |
081223s2008 dcuao s f000 0 eng d |
| 035 |
|
|
|a (OCoLC)ocn291098314
|
| 040 |
|
|
|a DALNT
|c DALNT
|d ZCU
|d GPO
|d MvI
|d UtOrBLW
|
| 049 |
|
|
|a WWW
|
| 074 |
|
|
|a 0813-A (online)
|
| 086 |
0 |
|
|a LC 25.2:F 64
|
| 110 |
2 |
|
|a Library of Congress.
|b Prints and Photographs Division.
|
| 245 |
1 |
0 |
|a For the common good :
|b the Library of Congress Flickr pilot project /
|c Michelle Springer [and others].
|
| 246 |
3 |
0 |
|a Library of Congress Flickr pilot project
|
| 264 |
|
1 |
|a [Washington, D.C.] :
|b [Library of Congress, Prints and Photographs Division],
|c [2008]
|
| 300 |
|
|
|a v, 50 pages :
|b digital, PDF file.
|
| 336 |
|
|
|a text
|b txt
|2 rdacontent
|
| 337 |
|
|
|a computer
|b c
|2 rdamedia
|
| 338 |
|
|
|a online resource
|b cr
|2 rdacarrier
|
| 538 |
|
|
|a Mode of access: Internet from the Library of Congress web site. Address as of 2/2/09: http://www.loc.gov/rr/print/flickr%5Freport%5Ffinal.pdf ; current access available via PURL.
|
| 500 |
|
|
|a Title from title screen (viewed on Dec. 23, 2008).
|
| 500 |
|
|
|a "October 30, 2008."
|
| 500 |
|
|
|a Electronic resource.
|
| 610 |
2 |
0 |
|a Library of Congress
|x Photograph collections.
|
| 650 |
|
0 |
|a Photographs.
|
| 700 |
1 |
|
|a Springer, Michelle.
|
| 856 |
4 |
0 |
|u https://purl.fdlp.gov/GPO/LPS108390
|t 0
|
| 999 |
|
|
|a MARS
|
| 999 |
f |
f |
|s 185c3c6e-cbd1-3766-ba7e-aabc2c7e9d54
|i 55a4c44e-ed11-313b-bef5-1ee828b28037
|t 0
|
| 952 |
f |
f |
|a Texas A&M University
|b College Station
|c Electronic Resources
|d Available Online
|t 0
|e LC 25.2:F 64
|h Superintendent of Documents classification
|
| 998 |
f |
f |
|a LC 25.2:F 64
|t 0
|l Available Online
|